|
|
|
|
| LEADER |
01249nam a22002777a 4500 |
| 001 |
40184 |
| 003 |
BD-DhAAL |
| 005 |
20221211164502.0 |
| 008 |
221211t2004 bg ||||| |||| 00| 0 ben d |
| 999 |
|
|
|c 45155
|d 45155
|
| 020 |
|
|
|a 8129502674
|
| 040 |
|
|
|a BD-DhAAL
|d BD-DhAAL
|
| 041 |
|
|
|a ben
|
| 082 |
|
|
|2 23
|a 954.92
|
| 100 |
|
|
|a দাসগুপ্ত, বিপ্লব
|9 52784
|
| 245 |
|
|
|a বাঙালি জাতি ও বাংলা ভাষা :
|b প্রাক-ঔপনিবেশিক পর্ব /
|c বিপ্লব দাসগুপ্ত
|
| 246 |
|
|
|a Bangali jati o bangla basha
|
| 260 |
|
|
|a কলকাতা :
|b দেজ পাবলিশিং,
|c ২০০৪
|
| 300 |
|
|
|a ৩৯২ পৃষ্ঠা ;
|c ২২ সে.মি.
|
| 541 |
|
|
|a Donated by Akbar Ali Khan
|e 40184
|
| 650 |
|
|
|a Bengal (India)
|v History.
|9 52786
|
| 651 |
|
|
|a Bangladesh
|x Civilization
|9 52787
|
| 651 |
|
|
|a Bangladesh
|x History
|9 52785
|
| 852 |
|
|
|a Ayesha Abed Library
|c Akbar Ali Khan Collection
|
| 942 |
|
|
|2 ddc
|c BK
|
| 952 |
|
|
|0 0
|1 0
|2 ddc
|4 0
|6 954_920000000000000_DAS
|7 1
|9 72459
|a BRACUL
|b BRACUL
|c AAKC
|d 2022-12-11
|e Donated by Akbar Ali Khan
|g 250.00
|l 1
|o 954.92 DAS
|p 3010040184
|r 2024-04-27
|s 2024-04-23
|t 1
|w 2022-12-11
|y BK
|x Price available in book.
|